| 000 | 01075nam a22003377a 4500 | ||
|---|---|---|---|
| 001 | 0003800 | ||
| 003 | KOHA_MİRAKIL | ||
| 005 | 20260207001348.0 | ||
| 007 | ta | ||
| 008 | 090415b1999 tu |||gr||||#||||0|tur | | ||
| 020 | _a9758243764 | ||
| 040 |
_aTR-BiSEU _btur _cTR-BiSEU _erda |
||
| 041 | 0 | _atur | |
| 044 | _ctu | ||
| 050 |
_aHD47.3 _b.O47 1999 |
||
| 100 | 1 | _aOlson, Jeff. | |
| 240 | 1 | 0 |
_aheagile manager's guide to cutting costs _lTürkçe |
| 245 | 1 |
_aAtak yöneticinin maliyet düşürme rehberi = _bheagile manager's guide to cutting costs/ _cJeff Olson ; Jeff Olson; çeviren E. Sabri Yarmalı. |
|
| 264 | 1 |
_a : _b _c1999 |
|
| 300 | _a107 sayfa | ||
| 336 |
_ametin _btxt _2rdacontent |
||
| 337 |
_aaracısız _bn _2rdamedia |
||
| 338 |
_acilt _bnc _2rdacarrier |
||
| 490 | 1 |
_aHayat yayınları ; _v72. |
|
| 490 | 1 |
_aAtak yöneticinin rehberi dizisi ; _v14. |
|
| 650 | 0 |
_aMaliyet. _99237 |
|
| 650 | 0 |
_aMaliyet kontrolü. _99238 |
|
| 830 | 1 |
_aHayat yayınları ; _v72. _99026 |
|
| 830 | 1 |
_aAtak yöneticinin rehberi dizisi ; _v14. _99239 |
|
| 942 |
_2lcc _cBK |
||
| 999 |
_c3784 _d3784 |
||